Reading America /

Bibliographic Details
Main Author: Donoghue, Denis
Format: Book
Language:English
Published: New York : Knopf, 1987.
Edition:1st ed.
Subjects:

MARC

Tag First Indicator Second Indicator Subfields
LEADER 00000cam a2200000 a 4500
001 in00000007894
005 20151002070049.0
008 870403s1987 nyu 00010 eng
010 |a  87045125  
020 |a 0394559398 
035 |a (OCoLC)15549089 
035 |9 AAA0236AM 
040 |a DLC  |c DLC  |d TXA  |d UtOrBLW 
043 |a n-us--- 
050 0 0 |a PS121  |b .D66 1987 
082 0 |a 810/.9  |2 19 
100 1 |a Donoghue, Denis. 
245 1 0 |a Reading America /  |c by Denis Donoghue. 
250 |a 1st ed. 
264 1 |a New York :  |b Knopf,  |c 1987. 
300 |a xii, 320 pages ;  |c 25 cm. 
336 |a text  |b txt  |2 rdacontent 
337 |a unmediated  |b n  |2 rdamedia 
338 |a volume  |b nc  |2 rdacarrier 
650 0 |a American literature  |x History and criticism. 
650 0 |a United States in literature. 
999 |a MARS 
999 f f |s 489885b1-dd9f-3ffd-a1a0-d678c9a97b07  |i c2f4c5d2-c983-3f28-b8d1-ab308605599c  |t 0 
952 f f |p ric  |a Texas A&M University  |b Rellis Campus  |c Joint Library Facility  |d Remote Storage  |t 0  |e PS121 .D66 1987  |h Library of Congress classification  |i unmediated -- volume  |m A14812630478 
998 f f |a PS121 .D66 1987  |t 0  |l Remote Storage